| 000 | 00757nam a2200253Ia 4500 | ||
|---|---|---|---|
| 999 |
_c50873 _d50873 |
||
| 001 | 17828 | ||
| 003 | GE_BSU | ||
| 005 | 20221114115834.0 | ||
| 008 | 181216s2012en xx |||||||||||||| ||eng|| | ||
| 020 | _a9781408267370x | ||
| 040 | _cGE_BSU | ||
| 041 | _aeng | ||
| 080 | _a811.111(076) C-87 | ||
| 100 |
_aClare, Antonia. _91647 |
||
| 245 |
_aTotal English. Pre-Intermediate.Workbook With key _bNew : / _cAntonia Clare ; J.J.Wilson ; Wil Moreton. |
||
| 264 |
_aEdinburg : _bPearson, _c2011. |
||
| 300 |
_a96 p.: _bill ; _c29 cm. |
||
| 653 | _aTotal English. Pre-Intermediate. | ||
| 653 | _aWorkbook With key | ||
| 653 | _aინგლისური ენა | ||
| 700 |
_aWilson,J.J. _97453 |
||
| 700 |
_aMoreton,Wil _97454 |
||
| 942 |
_cBK _2udc |
||